| 000 | 01114nas a2200301 4500 | ||
|---|---|---|---|
| 001 | BR2015004607 | ||
| 003 | BR-BrBNA | ||
| 005 | 20231205125630.0 | ||
| 007 | ta | ||
| 008 | 230509b bl.|||p| |||| 00| 00por d | ||
| 040 |
_aBR-BrBNA _bpor _cBiblioteca Nacional de Agricultura |
||
| 041 | _a(Pt) | ||
| 072 | _aF02 | ||
| 100 | 1 | _aMoura, E.F. | |
| 100 | 1 | _aManfio, C.E. | |
| 100 | 1 | _aCarvalho, M. | |
| 100 | 1 | _aDias, J. | |
| 100 | 1 | _aOliveira, M.A.R. | |
| 111 | 1 |
_a16° Congresso Brasileiro de Floricultura e Plantas Ornamentais; 3° Congresso Brasileiro de Cultura de Tecidos de Plantas; 1° Simpósio de Plantas Ornamentais Nativas _cGoiânia, GO (Brazil) _d10-15 Sep 2007 |
|
| 245 | 1 | _aEnraizamento in vitro e aclimatação de propágulos de Vanilla planifolia | |
| 650 | _aPROPAGAÇÃO VEGETATIVA | ||
| 650 | _aCULTURA IN VITRO | ||
| 650 | _aBAUNILHA | ||
| 650 | _aCULTURA DE TECIDO | ||
| 773 | 0 |
_tRevista Brasileira de Horticultura Ornamental (Brazil) _xISSN 1809-6093 _g(Sep 2007), v. 13(Suplemento) p. 605-607 _wBR2015004607 |
|
| 909 |
_a202311 _bLúcia _c55 _dLúcia Elande |
||
| 942 |
_2AGRIS _n0 _cANA |
||
| 999 |
_c245283 _d245283 |
||